000
00227nam a2200097Ia 4500
008
170619s9999 xx 000 0 und d
100
_a
WALSH- D
245
0
_a
ELECTRICAL PROPERTIES
260
_b
OXFORD UNIVERSITY PRESS
260
_c
2007
546
_a
ENGLISH
999
_c
18583
_d
18583